|
|
|
|
| LEADER |
00000nam0a2200000 4500 |
| 001 |
34909 |
| 005 |
20231030231800.0 |
| 035 |
|
|
|a (RuTPU)RU\TPU\book\35323
|
| 035 |
|
|
|a BOOK00001975
|
| 090 |
|
|
|a 34909
|
| 100 |
|
|
|a 20011210d1986 km y0rusy50 ca
|
| 101 |
1 |
|
|a rus
|c eng
|
| 102 |
|
|
|a RU
|
| 105 |
|
|
|a z 00 zy
|
| 200 |
1 |
|
|a Современный компьютер
|e сборник
|e пер. с англ.
|f под ред. В. М. Курочкина
|
| 210 |
|
|
|a Москва
|c Мир
|d 1986
|
| 215 |
|
|
|a 211 с.
|
| 610 |
1 |
|
|a информационные технологии
|
| 610 |
1 |
|
|a компьютерное моделирование
|
| 610 |
1 |
|
|a ЭВМ
|
| 610 |
1 |
|
|a компьютеры
|
| 610 |
1 |
|
|a применение
|
| 610 |
1 |
|
|a языки
|
| 610 |
1 |
|
|a программирование
|
| 610 |
1 |
|
|a операционные системы
|
| 675 |
|
|
|a 681.3
|v 3
|
| 702 |
|
1 |
|a Курочкин
|b В. М.
|4 340
|
| 801 |
|
0 |
|a RU
|b 63413507
|c 20011210
|g PSBO
|
| 801 |
|
2 |
|a RU
|b 63413507
|c 20160704
|g PSBO
|
| 900 |
|
|
|a Информационные технологии компьютерного моделирования
|
| 942 |
|
|
|c BK
|